北京市乡级行政区地图Map of Town Level Areas in Beijing - Statistics

General Stats
  • This quiz has been taken 18 times
  • The average score is 87 of 343
Answers on the Map
Answers color-coded by a green-red scale on the quiz's map according to % correct below.
 
Answer Stats
% Correct
海淀街道
80%
海淀镇
80%
牛街街道
73%
朝阳门街道
67%
天坛街道
67%
望京街道
67%
首都机场街道
67%
永定镇
67%
东四街道
60%
新街口街道
60%
天桥街道
60%
广安门内街道
60%
广安门外街道
60%
高碑店乡
60%
清河街道
60%
良乡镇
60%
亦庄镇
60%
东华门街道
53%
景山街道
53%
建国门街道
53%
永定门外街道
53%
西长安街街道
53%
德胜街道
53%
什刹海街道
53%
三里屯街道
53%
安贞街道
53%
潘家园街道
53%
将台乡
53%
大红门街道
53%
丰台街道
53%
中关村街道
53%
马连洼街道
53%
上地街道
53%
沙河镇
53%
回龙观街道
53%
密云镇
53%
延庆镇
53%
和平里街道
47%
崇文门外街道
47%
陶然亭街道
47%
白纸坊街道
47%
团结湖街道
47%
双井街道
47%
十八里店乡
47%
八宝山街道
47%
八角街道
47%
北太平庄街道
47%
学院路街道
47%
清华园街道
47%
香山街道
47%
西北旺镇
47%
阎村镇
47%
潞城镇
47%
十三陵镇
47%
黄村镇
47%
瀛海镇
47%
怀柔镇
47%
平谷镇
47%
北新桥街道
40%
东直门街道
40%
前门街道
40%
龙潭街道
40%
月坛街道
40%
展览路街道
40%
金融街街道
40%
亚运村街道
40%
酒仙桥街道
40%
麦子店街道
40%
六里屯街道
40%
八里庄街道(朝阳区)
40%
劲松街道
40%
太阳宫乡
40%
小红门乡
40%
平房乡
40%
奥运村街道
40%
东坝乡
40%
王四营乡
40%
方庄街道
40%
宛平街道
40%
看丹街道
40%
青塔街道
40%
古城街道
40%
八里庄街道(海淀区)
40%
燕园街道
40%
西三旗街道
40%
后沙峪镇
40%
小汤山镇
40%
安定镇
40%
古北口镇
40%
安定门街道
33%
体育馆路街道
33%
大栅栏街道
33%
椿树街道
33%
建外街道
33%
呼家楼街道
33%
大屯街道
33%
东风乡
33%
常营回族乡
33%
孙河乡
33%
南苑街道
33%
马家堡街道
33%
花乡街道
33%
苹果园街道
33%
鲁谷街道
33%
紫竹院街道
33%
东升镇
33%
东风街道
33%
周口店镇
33%
窦店镇
33%
长阳镇
33%
十渡镇
33%
新华街道
33%
北苑街道
33%
宋庄镇
33%
张家湾镇
33%
梨园镇
33%
南口镇
33%
西红门镇
33%
高米店街道
33%
榆垡镇
33%
庞各庄镇
33%
鼓楼街道
33%
八达岭镇
33%
东花市街道
27%
朝外街道
27%
左家庄街道
27%
垡头街道
27%
来广营乡
27%
金盏乡
27%
黑庄户乡
27%
东湖街道
27%
西罗园街道
27%
东高地街道
27%
东铁匠营街道
27%
长辛店街道
27%
和义街道
27%
成寿寺街道
27%
石榴庄街道
27%
北宫镇
27%
王佐镇
27%
万寿路街道
27%
甘家口街道
27%
青龙桥街道
27%
花园路街道
27%
田村路街道
27%
温泉镇
27%
苏家坨镇
27%
王平镇
27%
斋堂镇
27%
城关街道
27%
琉璃河镇
27%
拱辰街道
27%
通运街道
27%
马驹桥镇
27%
天竺镇
27%
南法信镇
27%
南彩镇
27%
马池口镇
27%
霍营街道
27%
北七家镇
27%
清源街道
27%
采育镇
27%
礼贤镇
27%
雁栖镇
27%
喇叭沟门满族乡
27%
不老屯镇
27%
交道口街道
20%
香河园街道
20%
南磨房乡
20%
三间房乡
20%
管庄乡
20%
崔各庄乡
20%
豆各庄乡
20%
太平桥街道
20%
六里桥街道
20%
新村街道
20%
云岗街道
20%
卢沟桥街道
20%
玉泉营街道
20%
永定路街道
20%
羊坊店街道
20%
北下关街道
20%
四季青镇
20%
上庄镇
20%
潭柘寺镇
20%
清水镇
20%
妙峰山镇
20%
青龙湖镇
20%
九棵树街道
20%
漷县镇
20%
台湖镇
20%
胜利街道
20%
杨镇
20%
牛栏山镇
20%
空港街道
20%
天通苑北街道
20%
天通苑南街道
20%
阳坊镇
20%
南邵镇
20%
旧宫镇
20%
天宫院街道
20%
青云店镇
20%
马坊镇
20%
金海湖镇
20%
果园街道
20%
十里堡镇
20%
千家店镇
20%
小关街道
13%
金顶街街道
13%
五里坨街道
13%
曙光街道
13%
雁翅镇
13%
星城街道
13%
西潞街道
13%
河北镇
13%
长沟镇
13%
韩村河镇
13%
霞云岭乡
13%
中仓街道
13%
文景街道
13%
杨庄街道
13%
永乐店镇
13%
于家务回族乡
13%
光明街道
13%
高丽营镇
13%
大孙各庄镇
13%
张镇
13%
城北街道
13%
城南街道
13%
东小口镇
13%
龙泽园街道
13%
百善镇
13%
兴寿镇
13%
延寿镇
13%
兴丰街道
13%
林校路街道
13%
观音寺街道
13%
北臧村镇
13%
魏善庄镇
13%
长子营镇
13%
渤海镇
13%
马昌营镇
13%
新城子镇
13%
康庄镇
13%
永宁镇
13%
四海镇
13%
大庄科乡
13%
珍珠泉乡
13%
和平街街道
7%
右安门街道
7%
五里店街道
7%
老山街道
7%
广宁街道
7%
大峪街道
7%
城子街道
7%
东辛房街道
7%
大台街道
7%
龙泉镇
7%
军庄镇
7%
新镇街道
7%
向阳街道
7%
迎风街道
7%
石楼镇
7%
大石窝镇
7%
张坊镇
7%
南窖乡
7%
佛子庄乡
7%
大安山乡
7%
史家营乡
7%
蒲洼乡
7%
玉桥街道
7%
潞源街道
7%
临河里街道
7%
潞邑街道
7%
西集镇
7%
永顺镇
7%
仁和镇
7%
马坡镇
7%
石园街道
7%
双丰街道
7%
旺泉街道
7%
李桥镇
7%
李遂镇
7%
北务镇
7%
龙湾屯镇
7%
木林镇
7%
北小营镇
7%
北石槽镇
7%
赵全营镇
7%
史各庄街道
7%
崔村镇
7%
流村镇
7%
荣华街道
7%
博兴街道
7%
泉河街道
7%
龙山街道
7%
庙城镇
7%
北房镇
7%
杨宋镇
7%
桥梓镇
7%
怀北镇
7%
汤河口镇
7%
九渡河镇
7%
琉璃庙镇
7%
宝山镇
7%
长哨营满族乡
7%
滨河街道
7%
兴谷街道
7%
峪口镇
7%
东高村镇
7%
山东庄镇
7%
南独乐河镇
7%
大华山镇
7%
夏各庄镇
7%
王辛庄镇
7%
大兴庄镇
7%
刘家店镇
7%
镇罗营镇
7%
黄松峪乡
7%
熊儿寨乡
7%
檀营满族蒙古族乡
7%
溪翁庄镇
7%
西田各庄镇
7%
河南寨镇
7%
巨各庄镇
7%
穆家峪镇
7%
太师屯镇
7%
高岭镇
7%
冯家峪镇
7%
大城子镇
7%
东邵渠镇
7%
北庄镇
7%
石城镇
7%
百泉街道
7%
香水园街道
7%
儒林街道
7%
旧县镇
7%
张山营镇
7%
沈家营镇
7%
大榆树镇
7%
井庄镇
7%
刘斌堡乡
7%
香营乡
7%
No matching quizzes found
Score Distribution
Percent of People with Each Score
Percentile by Number Answered
Your Score History
You have not taken this quiz